|
|
|
|
| LEADER |
00000nam0a2200000 4500 |
| 001 |
60576 |
| 005 |
20240118095939.0 |
| 010 |
|
|
|a 5982980226
|
| 035 |
|
|
|a (RuTPU)RU\TPU\book\64061
|
| 090 |
|
|
|a 60576
|
| 100 |
|
|
|a 20040211d2003 m y0rusy50 ca
|
| 101 |
0 |
|
|a rus
|
| 102 |
|
|
|a RU
|
| 105 |
|
|
|a a j 001zy
|
| 200 |
1 |
|
|a Информатика и вычислительная математика
|e учебное пособие для вузов
|f А. В. Кравцов [и др.]
|g Томский политехнический университет
|
| 210 |
|
|
|a Томск
|c Изд-во ТПУ
|d 2003
|
| 215 |
|
|
|a 245 с.
|c ил.
|
| 320 |
|
|
|a Библиогр.: с. 227.
|
| 610 |
1 |
|
|a информатика
|
| 610 |
1 |
|
|a вычислительные машины
|
| 610 |
1 |
|
|a периферийные устройства
|
| 610 |
1 |
|
|a операционные системы
|
| 610 |
1 |
|
|a языки программирования
|
| 610 |
1 |
|
|a Турбо-Паскаль
|
| 610 |
1 |
|
|a химические задачи
|
| 610 |
1 |
|
|a численные методы
|
| 610 |
1 |
|
|a приближенные числа
|
| 610 |
1 |
|
|a приближенные методы
|
| 610 |
1 |
|
|a нелинейные уравнения
|
| 610 |
1 |
|
|a системы линейных уравнений
|
| 610 |
1 |
|
|a системы нелинейных уравнений
|
| 610 |
1 |
|
|a экспериментальные данные
|
| 610 |
1 |
|
|a функции
|
| 610 |
1 |
|
|a аппроксимация
|
| 610 |
1 |
|
|a приближенное дифференцирование
|
| 610 |
1 |
|
|a численное интегрирование
|
| 610 |
1 |
|
|a обыкновенные дифференциальные уравнения
|
| 610 |
1 |
|
|a электронные таблицы
|
| 610 |
1 |
|
|a учебные пособия
|
| 610 |
1 |
|
|a Excel
|
| 610 |
1 |
|
|a Norton Commander
|
| 610 |
1 |
|
|a Microsoft Windows
|
| 610 |
1 |
|
|a MS DOS
|
| 675 |
|
|
|a 681.3.01(075.8)
|v 3
|
| 675 |
|
|
|a 519.6(075.8)
|v 3
|
| 701 |
|
1 |
|a Кравцов
|b А. В.
|c химик-технолог
|c профессор-консультант Томского политехнического университета, доктор технических наук
|f 1938-
|g Анатолий Васильевич
|3 (RuTPU)RU\TPU\pers\19827
|
| 701 |
|
1 |
|a Мойзес
|b О. Е.
|c химик-технолог, специалист в области информатики и вычислительной техники
|c доцент Томского политехнического университета, кандидат технических наук
|f 1950-
|g Ольга Ефимовна
|3 (RuTPU)RU\TPU\pers\25862
|9 11730
|
| 701 |
|
1 |
|a Кузьменко
|b Е. А.
|c химик-технолог
|c доцент Томского политехнического университета, кандидат технических наук
|f 1958-
|g Елена Анатольевна
|3 (RuTPU)RU\TPU\pers\25858
|9 11727
|
| 701 |
|
1 |
|a Баженов
|b Д. А.
|c химик-технолог
|c старший преподаватель Томского политехнического университета
|f 1972-
|g Дмитрий Анатольевич
|3 (RuTPU)RU\TPU\pers\30327
|
| 701 |
|
1 |
|a Коваль
|b П. И.
|c химик-технолог
|c доцент Томского политехнического университета
|f 1971-
|g Павел Иванович
|3 (RuTPU)RU\TPU\pers\30328
|
| 712 |
0 |
2 |
|a Томский политехнический университет
|3 (RuTPU)RU\TPU\col\376
|
| 801 |
|
1 |
|a RU
|b 63413507
|c 20040211
|g PSBO
|
| 801 |
|
2 |
|a RU
|b 63413507
|c 20200610
|g PSBO
|
| 942 |
|
|
|c BK
|